Study Guidance Practices in Science with Turkish Speaking Recently Arrived Pupils : A Study Focusing on Scaffolding and Meaning Making.

Bibliographic Details
Main Author: Axelsson, Feyza.
Format: eBook
Language:English
Published: Linköping : Linkopings Universitet, 2023.
Edition:1st ed.
Series:Studies in Science and Technology Education Series
Subjects:
Online Access:Click to View
LEADER 01702nam a22003733i 4500
001 EBC30401112
003 MiAaPQ
005 20240729202205.0
006 m o d |
007 cr cnu||||||||
008 240729s2023 xx o ||||0 eng d
020 |a 9789179295127  |q (electronic bk.) 
020 |z 9789179295110 
035 |a (MiAaPQ)EBC30401112 
035 |a (Au-PeEL)EBL30401112 
035 |a (OCoLC)1376950230 
040 |a MiAaPQ  |b eng  |e rda  |e pn  |c MiAaPQ  |d MiAaPQ 
100 1 |a Axelsson, Feyza. 
245 1 0 |a Study Guidance Practices in Science with Turkish Speaking Recently Arrived Pupils :  |b A Study Focusing on Scaffolding and Meaning Making. 
250 |a 1st ed. 
264 1 |a Linköping :  |b Linkopings Universitet,  |c 2023. 
264 4 |c {copy}2023. 
300 |a 1 online resource (249 pages) 
336 |a text  |b txt  |2 rdacontent 
337 |a computer  |b c  |2 rdamedia 
338 |a online resource  |b cr  |2 rdacarrier 
490 1 |a Studies in Science and Technology Education Series ;  |v v.115 
588 |a Description based on publisher supplied metadata and other sources. 
590 |a Electronic reproduction. Ann Arbor, Michigan : ProQuest Ebook Central, 2024. Available via World Wide Web. Access may be limited to ProQuest Ebook Central affiliated libraries.  
655 4 |a Electronic books. 
776 0 8 |i Print version:  |a Axelsson, Feyza  |t Study Guidance Practices in Science with Turkish Speaking Recently Arrived Pupils  |d Linköping : Linkopings Universitet,c2023  |z 9789179295110 
797 2 |a ProQuest (Firm) 
830 0 |a Studies in Science and Technology Education Series 
856 4 0 |u https://ebookcentral.proquest.com/lib/matrademy/detail.action?docID=30401112  |z Click to View